000 00493nam a2200145 a 4500
001 000016776
005 20200929164946.0
008 100310s1950 dr ac 000 0 spa d
040 _aDO-SdBNP
_bspa
_cBNPHU
100 1 _aSevez H., Francois F.
_937176
245 1 0 _aHistoria del circuito radial La Voz Dominicana (1942-1950) /
_cF. Francois Sevez H.
260 _aCiudad Trujillo, República Dominicana:
_aEditora del Caribe,
_c1950.
300 _a179 p. :
_bil., retrs. ;
_c25 cm.
049 _aBNPD
999 _c16308
_d16308